SOCIOLOGICAL PERSPECTIVES ON SCHOOL EDUCATION IN INDIA (Record no. 8795)

MARC details
000 -LEADER
fixed length control field 00366nam a22001577a 4500
003 - CONTROL NUMBER IDENTIFIER
control field SGT
082 ## - DEWEY DECIMAL CLASSIFICATION NUMBER
Classification number 377,RUH
100 ## - MAIN ENTRY--PERSONAL NAME
Personal name RUHELA,S.P.
245 ## - TITLE STATEMENT
Title SOCIOLOGICAL PERSPECTIVES ON SCHOOL EDUCATION IN INDIA
250 ## - EDITION STATEMENT
Edition statement 1ST
260 ## - PUBLICATION, DISTRIBUTION, ETC. (IMPRINT)
Place of publication, distribution, etc DELHI
Name of publisher, distributor, etc INDINA PUBLICATION
Year of Publication 2014
300 ## - PAGE DESCRIPTION
No. of Pages 335
650 ## - SUBJECT ADDED ENTRY--TOPICAL TERM
Topical term or geographic name as entry element SCHOOL EDUCATION
653 ## - KEYWORDS--INDEX TERM
Keyword term EDUCATION
942 ## - ADDED ENTRY ELEMENTS (KOHA)
Source of classification or shelving scheme Dewey Decimal Classification
Koha item type Books
942 ## - ADDED ENTRY ELEMENTS (KOHA)
-- 1
Holdings
Withdrawn status Lost status Source of classification or shelving scheme Damaged status Use restrictions Not for loan Collection code Home library Current library Shelving location Date acquired Vendor Name Cost, normal purchase price SGTU Bill Number Full call number Accession No. (Barcode) Date last seen Bill Date Koha item type Total Checkouts Date last borrowed
    Dewey Decimal Classification   Restricted Access   EDUCATION SGT Engineering Library SGT Engineering Library Text Book 06/05/2016 UBS DELHI 295.00 SGTU 544 377,RUH ED6 06/05/2016 06/02/2016 Books    
    Dewey Decimal Classification       EDUCATION SGT Engineering Library SGT Engineering Library Text Book 06/05/2016 UBS DELHI 295.00 SGTU 544 377,RUH ED7 06/05/2016 06/02/2016 Books    
    Dewey Decimal Classification       EDUCATION SGT Engineering Library SGT Engineering Library Text Book 06/05/2016 UBS DELHI 295.00 SGTU 544 377,RUH ED8 06/05/2016 06/02/2016 Books    
    Dewey Decimal Classification       EDUCATION SGT Engineering Library SGT Engineering Library Text Book 06/05/2016 UBS DELHI 295.00 SGTU 544 377,RUH ED9 06/05/2016 06/02/2016 Books    
    Dewey Decimal Classification       EDUCATION SGT Engineering Library SGT Engineering Library Text Book 06/05/2016 UBS DELHI 295.00 SGTU 544 377,RUH ED10 04/08/2022 06/02/2016 Books 1 28/07/2022